Statistiken für Rekordspieler Borussia Dortmund

Klicken Sie hier um das Quiz zu spielen!

Allgemein

  • Dieses Quiz wurde 278 mal gespielt
    (27 seit der letzten Aktualisierung)
  • Das Durchschnittsergebnis liegt bei 28 aus 61

Antwortstatistiken

SpieleNationalitätAntwort% Korrekt
274DeutschlandMarco Reus
100%
349DeutschlandMats Hummels
100%
349DeutschlandRoman Weidenfeller
100%
322BrasilienDede
89%
223Türkei/
Deutschland
Nuri Sahin
89%
132PolenRobert Lewandowski
89%
197PolenJakub Błaszczykowski
83%
301DeutschlandLars Ricken
83%
258DeutschlandMarcel Schmelzer
83%
158DeutschlandMario Götze
83%
463DeutschlandMichael Zorc
83%
196SerbienNeven Subotic
83%
148JapanShinji Kagawa
83%
138TschechienJan Koller
78%
264PolenLukasz Piszczek
78%
144GabunPierre-Emerick Aubameyang
78%
176SchweizRoman Bürki
78%
274DeutschlandSebastian Kehl
78%
176DeutschlandKevin Großkreutz
72%
158DeutschlandSven Bender
72%
149TschechienTomas Rosicky
72%
191DeutschlandJürgen Kohler
67%
224DeutschlandManfred Burgsmüller
67%
218SchweizStéphane Chapuisat
67%
228DeutschlandAndreas Möller
56%
183DeutschlandLothar Emmerich
56%
162PortugalRaphael Guerreiro
56%
135DeutschlandJulian Brandt
50%
129DeutschlandJens Lehmann
44%
130GriechenlandSokratis
44%
240DeutschlandChristian Wörns
39%
123BrasilienEvanilson
39%
230DeutschlandSigfried Held
39%
254DeutschlandStefan Klos
39%
163RumänienMarcel Raducanu
33%
307DeutschlandStefan Reuter
33%
126DeutschlandChristoph Metzelder
28%
247DeutschlandEike Immel
28%
157DeutschlandMichael Rummenigge
28%
247DeutschlandDieter Kurrat
22%
151DeutschlandFlorian Kringe
22%
187DeutschlandFrank Mill
22%
128DeutschlandHeiko Herrlich
22%
190DeutschlandThomas Helmer
22%
181DeutschlandWolfgang de Beer
22%
254DeutschlandLothar Huber
17%
189Deutschland/
Tschechien
Mirko Votava
17%
198DeutschlandReinhold Wosab
17%
170DeutschlandKnut Reinhardt
11%
149DeutschlandRolf Rüssmann
11%
148DeutschlandWolfgang Paul
11%
149DeutschlandHans-Joachim Wagner
6%
204DeutschlandMichael Lusch
6%
133DeutschlandMichael Schulz
6%
159DeutschlandPeter Geyer
6%
186DeutschlandWilhelm Sturm
6%
147DeutschlandBernd Storck
0%
170DeutschlandGerd Peehs
0%
288DeutschlandGünter Kutowski
0%
140DeutschlandMeinolf Koch
0%
148DeutschlandWilli Neuberger
0%

Verteilung der Resultate

Perzentil nach korrekt beantworteten Fragen

Anzahl Personen mit jedem Resultat

Ihre Resultats-Entwicklung

Sie haben dieses Quiz seit der letzten Aktualisierung nicht gespielt